European Golden Shoe Winners (1967 - 2019) - Statistics

General Stats
  • This quiz has been taken 62 times
  • The average score is 25 of 55
Answer Stats
Season Player Nationality Club League Goals % Correct
2007/08 Cristiano Ronaldo Portugal Manchester United Premier League 31
98%
2010/11 Cristiano Ronaldo Portugal Real Madrid La Liga 40
98%
2013/14 Cristiano Ronaldo Portugal Real Madrid La Liga 31
98%
2014/15 Cristiano Ronaldo Portugal Real Madrid La Liga 48
98%
2009/10 Lionel Messi Argentina Barcelona La Liga 34
98%
2011/12 Lionel Messi Argentina Barcelona La Liga 50
98%
2012/13 Lionel Messi Argentina Barcelona La Liga 46
98%
2016/17 Lionel Messi Argentina Barcelona La Liga 37
98%
2017/18 Lionel Messi Argentina Barcelona La Liga 34
98%
2018/19 Lionel Messi Argentina Barcelona La Liga 36
98%
1996/97 Ronaldo Brazil Barcelona La Liga 34
98%
2013/14 Luis Suarez Uruguay Liverpool Premier League 31
95%
2015/16 Luis Suarez Uruguay Barcelona La Liga 40
95%
2003/04 Thierry Henry France Arsenal Premier League 30
93%
2004/05 Thierry Henry France Arsenal Premier League 25
93%
2006/07 Francesco Totti Italy Roma Serie A 26
89%
2004/05 Diego Forlán Uruguay Villarreal La Liga 25
84%
2008/09 Diego Forlán Uruguay Atletico Madrid La Liga 32
84%
1967/68 Eusébio Portugal Benfica Primeira Liga 42
75%
1972/73 Eusébio Portugal Benfica Primiera Liga 40
75%
1969/70 Gerd Müller Germany Bayern München Bundesliga 38
65%
1971/72 Gerd Müller Germany Bayern München Bundesliga 40
65%
1989/90 Hugo Sánchez Mexico Real Madrid La Liga 38
58%
1985/86 Marco van Basten Netherlands Ajax Eredivisie 37
58%
2000/01 Henrik Larsson Sweden Celtic Scottish Premier League 35
56%
2005/06 Luca Toni Italy Fiorentina Serie A 31
56%
1989/90 Hristo Stoichkov Bulgaria CSKA Sofia Bulgarian First League 38
51%
1983/84 Ian Rush Wales Liverpool English First Division 32
47%
2002/03 Roy Makaay Netherlands Deportivo La Coruña La Liga 29
40%
1999/00 Kevin Phillips England Sunderland Premier League 30
37%
1998/99 Mário Jardel Brazil Porto Primiera Liga 36
26%
2001/02 Mário Jardel Brazil Sporting CP Primiera Liga 42
26%
1991/92 Ally McCoist Scotland Rangers Scottish Premier Division 34
18%
1992/93 Ally McCoist Scotland Rangers Scottish Premier Division 34
18%
1990/91 Darko Pančev Yugoslavia Red Star Belgrade Yugoslav First Federal League 34
11%
1986/87 Toni Polster Austria FK Austria Wien Ö. Bundesliga 39
7%
1982/83 Fernando Gomes Portugal Porto Primiera Liga 36
5%
1984/85 Fernando Gomes Portugal Porto Primiera Liga 39
5%
1977/78 Hans Krankl Austria Rapin Wien Ö. Bundesliga 41
5%
1997/98 Nikos Machlas Greece Vitesse Arnhem Eredivisie 34
5%
1979/80 Erwin Vandenbergh Belguim Lierse Belgian First Division 39
2%
1980/81 Georgi Slavkov Bulgaria Botev Plovdiv Parva Liga 31
2%
1973/74 Héctor Yazalde Argentina Sporting CP Primiera Liga 46
2%
1970/71 Josip Skoblar Yugoslavia Marseille Ligue 1 44
2%
1978/79 Kees Kist Netherlands AZ Alkmaar Eredivisie 34
2%
1968/69 Petar Zhekov Bulgaria CSKA Sofia Parva Liga 36
2%
1994/95 Arsen Avetisyan Armenia Homenetmen Armenian Premier League 39
0%
1993/94 David Taylor Wales Porthmadog League Of Wales 43
0%
1988/89 Dorin Mateuț Romania Dinamo București Liga 1 43
0%
1974/75 Dudu Georgescu Romania Dinamo București Liga 1 33
0%
1976/77 Dudu Georgescu Romania Dinamo București Liga 1 47
0%
1975/76 Sotiris Kaiafas Cyprus Omonia Nicosia Cypriot First Division 39
0%
1987/88 Tanju Çolak Turkey Galatasaray Süper Lig 39
0%
1981/82 Wim Kieft Netherlands Ajax Eredivisie 32
0%
1995/96 Zviad Endeladze Georgia Margveti Umaglesi Liga 40
0%
No matching quizzes found
Score Distribution
Percent of People with Each Score
Percentile by Number Answered
Your Score History
You have not taken this quiz